NBA Alphabetical Answers - Statistics

General Stats
  • This quiz has been taken 80 times
  • The average score is 22 of 26
Answer Stats
Hint Answer % Correct
A. Nickname of Anthony Edwards (3 Letters) Ant
98%
L. First name of "King James" LeBron
95%
D. The Action of throwing the ball down into the rim Dunk
94%
G. The 1 and 2 positions and to defend Guard
92%
J. NBA player that has won 3 MVPs in the 2020's Jokic
92%
T. Jayson _____ and the best player of the 2024 Celtics team Tatum
91%
F. The 3 and 4 positions and a type of direction Forward
89%
H. Last name of Penny ________ and Tim ________ Hardaway
88%
K. Famous Head Coach of the golden State Warriors since 2014 Kerr
88%
P. City that holds the Trail Blazers and a song by Drake... Portland
86%
Y. Last name Of Trae ____ and Nick _____ Young
86%
E. 2023 NBA MVP Embiid
85%
M. Nickname of the legend Earvin Johnson Magic
83%
R. Name of the NBA player with 11 championships Russell
83%
S. NBA Commissioner as of 2014, Adam ______ Silver
83%
W. NBA team with the best single season record (73-9) Warriors
83%
B. Mike Breen (announcer) says what twice usually when there is a clutch three made BANG!
82%
C. NBA player that scored 100 points in a single game Chamberlain
82%
I. Best Dribbler ever Irving
82%
U. The opposite of Over, and what happens when you bet on an NBA players over Under
82%
X. Put "X" X
77%
Q. Raptors starter who's last name starts with quick___ Quickley
74%
Z. Clippers center in 2024 Zubac
74%
O. Number One pick in the same year that Michael Jordan was drafted in (1984) Olajuwon
71%
V. First City that the grizzlies were located in Vancouver
71%
N. What did Steve Nash Dislocate and relocate by himself in a game Nose
54%
No matching quizzes found
Score Distribution
Percent of People with Each Score
Percentile by Number Answered
Your Score History
You have not taken this quiz